| 000 | 00522nam a2200169Ia 4500 | ||
|---|---|---|---|
| 003 | GCL | ||
| 008 | 140319s9999 xx 000 0 ara d | ||
| 040 |
_aGCL / _cGCL |
||
| 082 | 0 | 4 |
_a615.882 _bس ط |
| 100 | 1 | _aسمير يحيى الجمال | |
| 245 | 1 | 0 |
_aالطب الشعبى التقليدى: (حقائق وغرائب) / _cسمير يحيى الجمال |
| 260 |
_a[S.N] : _bمكتبة مدبولى |
||
| 490 | _a | ||
| 650 | 0 | 4 | _aالطب الشعبى |
| 650 | 0 | 4 | _aالادوية الشعبية |
| 942 |
_2ddc _cBK |
||
| 999 |
_c35674 _d35674 |
||